Statystyki dla Jakie są składniki Pizzy

Kliknij tutaj aby rozwiązać quiz!

Ogólne statystyki

  • Ten quiz został rozwiązany 1 035 razy
  • Średni wynik to 9 z 12

Statystyki odpowiedzi

HintOdpowiedź% Poprawnych
1.Ser
99%
6.Szynka
92%
2.Sos
89%
3.Pieczarki
85%
7.Salami
78%
9.Ananas
77%
12.Pomidor
74%
8.Papryka
71%
11.Cebula
62%
10.Kukurydza
62%
4.Oliwki
59%
5.Kurczak
55%

Rozkład punktacji

Percentyl według liczby udzielonych odpowiedzi

Procent ludzi z każdym wynikiem

Twoja historia wyników

Nie rozwiązałeś tego quizu